000 00670nam a2200301Ia 4500
005 20260401122443.0
008 008 250103s9999 xx 000 0 eng d
020 _a9780292728646
037 _aTB
040 _aEDL
040 _beng
040 _cEDL
041 _2eng
041 _aeng
084 _a823.912GER
084 _qEDL
100 _aGerald, Michael C.
_91233670
245 0 _aPoisonous pen of Agatha Christie
245 0 _cGerald, Michael C.
260 _aUSA
260 _bUniversity of Texas
260 _c2011
300 _a276p
942 _cTB
942 _h823.912GER
999 _c1847389
_d1847389